000 00485nam a22001697a 4500
999 _c25353
_d25353
003 BDDh-ASL
005 20231015030459.0
008 210713s2011 bg ||||| |||| 00| 0 eng d
040 _aBDDh-ASL
_cBDDh-ASL
082 _a323
_bSEM
100 1 _94172
_aSen, Rangalal
245 1 0 _aMiddle Class, Elites, Civil Society and Other Essays, Vol.-1 /
260 _aDhaka:
_bNew Age Publications,
_c2011.
300 _a304 p. :
_c22 cm.
650 0 _94173
_aCivil Society
942 _2ddc
_cBK